000 00576nam a2200205Ia 4500
001 48881
008 140430s9999 xx 000 0 und d
020 _a076231334X
040 _cPK-LaUMT
082 _aR 302.35
_bMUL-
100 _aYammarino, Francis J.
245 _aMulti-level issues in social systems
_cYammarino, Francis J.<>Dansereau, Fred
260 _aOxford,USA:
_bElsevier,
_c2006
300 _a483 p.
500 _aResearch in multi-level issues : volume 5
546 _aEN
650 _aOrganizational behavior
700 _aDansereau, Fred
942 _cBK
999 _c46673
_d46673